• 首页
  • 本馆介绍
  • 公告通知
  • 最新文献
  • 馆藏检索
  • 电子资源
  • 读者导购
  • 参考咨询
  • 我的图书馆
  • 登录
  • 详细信息显示
  • 放入我的书架
  • 预约/预借图书
  • 作者相关作品
  • 分类相关作品
  • 丛书相关作品
  • 出版社相关作品

书目信息

  • 表格格式
  • 工作单格式
  • 卡片格式
题名:
叠复连续油气藏成因机制与预测方法
    
 
作者: 庞雄奇, , 廖勇 著
分册:  
出版信息: 北京   科学出版社  2016
页数: 711页
开本: 27cm
丛书名:
单 册:
中图分类: P618.130.2
科图分类:
主题词: 油气藏形成--you qi cang xing cheng--研究 , 油气藏--you qi cang--预测技术--研究
电子资源:
ISBN: 978-7-03-044038-9
000 01418nam0 2200313 45
001 012001003388
005 20140130135456.0
010    @a978-7-03-044038-9@dCNY360.00
099    @aCAL 012016043303
100    @a20160215d2016 em y0chiy50 ea
101 0  @achi
102    @aCN@b110000
105    @aak a 000yy
106    @ar
200 1  @a叠复连续油气藏成因机制与预测方法@Adie fu lian xu you qi zang cheng yin ji zhi yu yu ce fang fa@d= Genetic mechanism and prediction methodology for overstacked and continuous hydrocarbon accumulations@e以南哈大气田的勘探与发现为例@f庞雄奇, 廖勇等著@zeng
210    @a北京@c科学出版社@d2016
215    @a711页@c图 (部分彩图)@d27cm
300    @a国家重点基础研究发展计划
300    @a题名页英文单词overstacked错误, 应为overstocked
320    @a有书目
330    @a本书内容包括叠复连续油气藏成因机制和发育模式及预测方法、构造演化有利叠复连续气藏形成分布、泥盆系沉积演化与有利叠复连续致密储层形成分布等,共13章。
510 1  @aGenetic mechanism and prediction methodology for overstocked and continuous hydrocarbon accumulations@zeng
606 0  @a油气藏形成@Ayou qi cang xing cheng@x研究
606 0  @a油气藏@Ayou qi cang@x预测技术@x研究
690    @aP618.130.2@v5
701  0 @a庞雄奇,@APang Xiongqi@f1961-@4著@3CAL n2004448650#@7jt0yjt0y@7ec0yec0y
701  0 @a廖勇@Aliao yong@4著
801  2 @aCN@b北京卓展@c20191020
905    @b1211454-5@dP618.130.2@e121@f2
    
    叠复连续油气藏成因机制与预测方法= Genetic mechanism and prediction methodology for overstacked and continuous hydrocarbon accumulations:以南哈大气田的勘探与发现为例/庞雄奇, 廖勇等著.-北京:科学出版社,2016
    711页:图 (部分彩图);27cm
    国家重点基础研究发展计划.-题名页英文单词overstacked错误, 应为overstocked
    
    ISBN 978-7-03-044038-9:CNY360.00
    本书内容包括叠复连续油气藏成因机制和发育模式及预测方法、构造演化有利叠复连续气藏形成分布、泥盆系沉积演化与有利叠复连续致密储层形成分布等,共13章。
●
相关链接 在E读中查询图书 在五车中查询图书 在当当中查询图书 在豆瓣中查询图书


正题名:叠复连续油气藏成因机制与预测方法     索取号:P618.130.2/121         预约/预借

序号 登录号 条形码 馆藏地/架位号 状态 备注
1 1211454   212114549   第二样本阅览室/ [索取号:P618.130.2/121] 在馆    
2 1211455   212114558   第三借阅区/ [索取号:P618.130.2/121] 在馆    
唐山师范学院图书馆 欢迎您!
大连网信软件有限公司© 版权所有